Regional Profile: Central America

Kaydedildi:
Detaylı Bibliyografya
Müşterek Yazar: Canadian International Development Agency
Materyal Türü: Metin
Baskı/Yayın Bilgisi: Hull, Quebec: CIDA
Etiketler: Etiketle
Etiket eklenmemiş, İlk siz ekleyin!

MARC

LEADER 00000 a a2200000 04500
001 24203
003
040
090 |a 171600  
110 |a Canadian International Development Agency  
245 |a Regional Profile: Central America  
260 |a Hull, Quebec:   |b CIDA  
300 |a 15 p.   |b **no definido**   |b map.  
999 |c 3492  |d 3492